000
00249nam a22001217a 4500
003
SGT
082
_a
294.59
_b
CHO
100
_a
CHOWDHURY U RAY
245
_a
MAHABHARATA
260
_a
INDIA
_b
HACHETTE PUB
_c
2015
300
_a
226
942
_2
ddc
_c
BK
999
_c
33983
_d
33983